Từ điển máy tính Anh - Việt = English - Vietnamese computer dictionary

Sách giới thiệu cho độc giả từ và nghĩa tiếng Anh chuyên ngành máy tính.

Αποθηκεύτηκε σε:
Λεπτομέρειες βιβλιογραφικής εγγραφής
Κύριος συγγραφέας: Đặng, Xuân Hường
Μορφή: Βιβλίο
Γλώσσα:Undetermined
Έκδοση: Hà nội Giáo dục 1997
Θέματα:
Ετικέτες: Προσθήκη ετικέτας
Δεν υπάρχουν, Καταχωρήστε ετικέτα πρώτοι!
Thư viện lưu trữ: Trung tâm Học liệu Trường Đại học Cần Thơ
LEADER 00783nam a2200217Ia 4500
001 CTU_21919
008 210402s9999 xx 000 0 und d
020 |b 66.000đ 
082 |a 004.03 
082 |b H561 
100 |a Đặng, Xuân Hường 
245 0 |a Từ điển máy tính Anh - Việt = 
245 0 |b English - Vietnamese computer dictionary 
245 0 |c Chủ biên: Đặng Xuân Hường, Nguyễn Tiến ; Ngọc Anh Thư Press 
260 |a Hà nội 
260 |b Giáo dục 
260 |c 1997 
520 |a Sách giới thiệu cho độc giả từ và nghĩa tiếng Anh chuyên ngành máy tính. 
650 |a Computer science 
904 |i Minh 
980 |a Trung tâm Học liệu Trường Đại học Cần Thơ